[Event "DVM U20 2019"]
[Site "Braunschweig GER"]
[Date "2019.12.27"]
[Round "2"]
[White "Biastoch, Bennet"]
[Black "Engel, Robert"]
[Result "1-0"]
[Termination "normal"]
[Board "1.3"]
[WhiteElo "2242"]
[BlackElo "2075"]
[WhiteClock "00:05:47"]
[BlackClock "00:13:52"]
[WhiteTeam "SG Aufbau Elbe Magdeburg"]
[BlackTeam "Hamburger SK"]
[PlyCount "67"]
[WhiteFideId "12939889"]
[BlackFideId "12974684"]
[EventCountry "GER"]
[EventRounds "7"]
[EventType "team-swiss"]
[EventDate "2019.12.26"]

1. e4 {[%clk 1:30:55]} c5 {[%clk 1:30:57]} 2. Nf3 {[%clk 1:31:15]} d6 {[%clk
1:31:23]} 3. d4 {[%clk 1:31:38]} cxd4 {[%clk 1:31:48]} 4. Nxd4 {[%clk 1:32:00]}
Nf6 {[%clk 1:32:13]} 5. Nc3 {[%clk 1:32:19]} a6 {[%clk 1:32:38]} 6. h3 {[%clk
1:32:27]} e6 {[%clk 1:32:57]} 7. g4 {[%clk 1:31:58]} Be7 {[%clk 1:33:18]} 8.
Be3 {[%clk 1:30:45]} Nfd7 {[%clk 1:29:59]} 9. Bg2 {[%clk 1:20:29]} Nc6 {[%clk
1:29:27]} 10. Qe2 {[%clk 1:17:17]} Qc7 {[%clk 1:18:30]} 11. O-O {[%clk
1:07:17]} O-O {[%clk 1:10:37]} 12. Rad1 {[%clk 0:56:54]} Nxd4 {[%clk 1:02:05]}
13. Bxd4 {[%clk 0:57:02]} b5 {[%clk 1:01:07]} 14. e5 {[%clk 0:46:58]} Rb8
{[%clk 0:57:45]} 15. exd6 {[%clk 0:43:31]} Bxd6 {[%clk 0:57:59]} 16. Ne4 {[%clk
0:43:11]} Be7 {[%clk 0:57:48]} 17. Rd3 {[%clk 0:41:28]} Bb7 {[%clk 0:52:20]}
18. Rfd1 {[%clk 0:39:20]} Bd5 {[%clk 0:45:15]} 19. b3 {[%clk 0:33:06]} b4
{[%clk 0:44:03]} 20. c4 {[%clk 0:25:32]} bxc3 {[%clk 0:40:27]} 21. Nxc3 {[%clk
0:25:34]} Bxg2 {[%clk 0:39:38]} 22. Kxg2 {[%clk 0:25:57]} Nc5 {[%clk 0:33:45]}
23. Bxc5 {[%clk 0:24:01]} Bxc5 {[%clk 0:33:43]} 24. Rd7 {[%clk 0:23:24]} Qf4
{[%clk 0:31:38]} 25. R1d3 {[%clk 0:18:50]} Bb6 {[%clk 0:27:51]} 26. Rf3 {[%clk
0:17:46]} Qb4 {[%clk 0:24:55]} 27. Qxa6 {[%clk 0:16:47]} h5 {[%clk 0:19:02]}
28. Qa4 {[%clk 0:10:38]} Qc5 {[%clk 0:18:13]} 29. Qf4 {[%clk 0:10:24]} e5
{[%clk 0:14:52]} 30. Qg5 {[%clk 0:07:19]} Qc6 {[%clk 0:13:55]} 31. Nd5 {[%clk
0:06:55]} Qh6 {[%clk 0:13:10]} 32. Qxh6 {[%clk 0:06:47]} gxh6 {[%clk 0:13:35]}
33. Nf6+ Kh8 {[%clk 0:13:52]} 34. Nxh5 {[%clk 0:05:47]} 1-0

[Event "DVM U20 2019"]
[Site "Braunschweig GER"]
[Date "2019.12.27"]
[Round "2"]
[White "Genov, Valentin"]
[Black "von Angern, Cedric"]
[Result "0-1"]
[Termination "normal"]
[Board "1.6"]
[WhiteTitle "CM"]
[WhiteElo "1829"]
[BlackElo "1867"]
[WhiteClock "00:05:25"]
[BlackClock "00:04:57"]
[WhiteTeam "Hamburger SK"]
[BlackTeam "SG Aufbau Elbe Magdeburg"]
[PlyCount "86"]
[WhiteFideId "2919745"]
[BlackFideId "12921106"]
[EventCountry "GER"]
[EventRounds "7"]
[EventType "team-swiss"]
[EventDate "2019.12.26"]

1. d4 {[%clk 1:30:55]} Nf6 {[%clk 1:30:55]} 2. c4 {[%clk 1:31:19]} g6 {[%clk
1:31:22]} 3. Nc3 {[%clk 1:31:41]} d5 {[%clk 1:31:45]} 4. Nf3 {[%clk 1:31:38]}
Bg7 {[%clk 1:31:45]} 5. Bg5 {[%clk 1:29:30]} Ne4 {[%clk 1:24:03]} 6. cxd5
{[%clk 1:29:51]} Nxc3 {[%clk 1:23:11]} 7. bxc3 {[%clk 1:30:00]} Qxd5 {[%clk
1:23:20]} 8. Bf4 {[%clk 1:09:41]} c5 {[%clk 1:16:34]} 9. e3 {[%clk 1:09:39]}
O-O {[%clk 1:15:11]} 10. Be2 {[%clk 1:00:59]} cxd4 {[%clk 1:07:23]} 11. cxd4
{[%clk 0:59:22]} Be6 {[%clk 1:02:24]} 12. O-O {[%clk 0:57:29]} Nc6 {[%clk
0:59:42]} 13. Qd2 {[%clk 0:51:54]} Rfc8 {[%clk 0:57:00]} 14. Rfb1 {[%clk
0:35:26]} Qd7 {[%clk 0:52:25]} 15. Ng5 {[%clk 0:26:59]} Bf5 {[%clk 0:46:46]}
16. Bc4 {[%clk 0:21:38]} Nd8 {[%clk 0:42:19]} 17. Rc1 {[%clk 0:18:42]} e5
{[%clk 0:39:13]} 18. e4 {[%clk 0:12:57]} exf4 {[%clk 0:36:08]} 19. exf5 {[%clk
0:13:09]} Qxf5 {[%clk 0:32:59]} 20. Nf3 {[%clk 0:11:39]} Nc6 {[%clk 0:25:02]}
21. Rab1 {[%clk 0:08:21]} Rab8 {[%clk 0:16:39]} 22. Rb5 {[%clk 0:05:58]} Qf6
{[%clk 0:12:53]} 23. Ne5 {[%clk 0:03:53]} Nxe5 {[%clk 0:11:21]} 24. dxe5 {[%clk
0:04:11]} Qe7 {[%clk 0:08:17]} 25. Qxf4 {[%clk 0:03:59]} Rc7 {[%clk 0:06:19]}
26. Rd1 {[%clk 0:00:57]} Rbc8 {[%clk 0:03:27]} 27. Bb3 {[%clk 0:01:16]} Rc5
{[%clk 0:02:45]} 28. Rxc5 {[%clk 0:01:40]} Rxc5 {[%clk 0:02:41]} 29. Re1 {[%clk
0:01:27]} Bxe5 {[%clk 0:02:16]} 30. Qb4 {[%clk 0:00:49]} Rc1 {[%clk 0:01:18]}
31. Bxf7+ {[%clk 0:00:40]} Kg7 {[%clk 0:01:33]} 32. Qd2 {[%clk 0:00:39]} Rxe1+
{[%clk 0:01:54]} 33. Qxe1 {[%clk 0:01:08]} Bxh2+ {[%clk 0:02:10]} 34. Kf1
{[%clk 0:01:34]} Qxe1+ {[%clk 0:02:24]} 35. Kxe1 {[%clk 0:02:03]} Kxf7 {[%clk
0:02:44]} 36. g3 {[%clk 0:02:25]} b5 {[%clk 0:02:56]} 37. Kf1 {[%clk 0:02:46]}
a5 {[%clk 0:03:18]} 38. Kg2 {[%clk 0:03:12]} b4 {[%clk 0:03:27]} 39. Kxh2
{[%clk 0:03:40]} a4 {[%clk 0:03:46]} 40. Kg2 {[%clk 0:04:06]} b3 {[%clk
0:04:11]} 41. axb3 {[%clk 0:04:31]} axb3 {[%clk 0:04:32]} 42. Kf1 {[%clk
0:04:57]} b2 {[%clk 0:04:57]} 43. Ke2 {[%clk 0:05:25]} b1=Q 0-1

[Event "DVM U20 2019"]
[Site "Braunschweig GER"]
[Date "2019.12.27"]
[Round "2"]
[White "Garbuz, Vitaliy"]
[Black "Vuckovic, Robert"]
[Result "1-0"]
[Termination "normal"]
[Board "2.4"]
[WhiteElo "2064"]
[BlackElo "1897"]
[WhiteClock "00:39:00"]
[BlackClock "00:24:22"]
[WhiteTeam "SF Brackel"]
[BlackTeam "Schachfreunde Augsburg"]
[PlyCount "87"]
[WhiteFideId "12990710"]
[BlackFideId "12998680"]
[EventCountry "GER"]
[EventRounds "7"]
[EventType "team-swiss"]
[EventDate "2019.12.26"]

1. e4 {[%clk 1:30:57]} e6 {[%clk 1:30:45]} 2. d4 {[%clk 1:31:21]} d5 {[%clk
1:31:10]} 3. Nd2 {[%clk 1:31:46]} Nf6 {[%clk 1:31:36]} 4. e5 {[%clk 1:32:12]}
Nfd7 {[%clk 1:32:02]} 5. f4 {[%clk 1:32:35]} c5 {[%clk 1:32:26]} 6. c3 {[%clk
1:33:01]} Nc6 {[%clk 1:32:44]} 7. Ndf3 {[%clk 1:33:27]} Qb6 {[%clk 1:29:41]} 8.
g3 {[%clk 1:33:41]} cxd4 {[%clk 1:29:22]} 9. cxd4 {[%clk 1:34:04]} Bb4+ {[%clk
1:29:18]} 10. Kf2 {[%clk 1:34:27]} f6 {[%clk 1:26:45]} 11. Kg2 {[%clk 1:34:35]}
O-O {[%clk 1:25:10]} 12. Bd3 {[%clk 1:34:36]} f5 {[%clk 1:20:45]} 13. Ne2
{[%clk 1:33:48]} Be7 {[%clk 1:20:34]} 14. a3 {[%clk 1:30:26]} a5 {[%clk
1:19:17]} 15. Nc3 {[%clk 1:30:00]} Ndb8 {[%clk 1:16:22]} 16. h3 {[%clk
1:25:13]} Bd7 {[%clk 1:16:45]} 17. Qe2 {[%clk 1:22:12]} Na6 {[%clk 1:09:29]}
18. g4 {[%clk 1:22:07]} Nc7 {[%clk 1:09:03]} 19. Be3 {[%clk 1:21:41]} a4 {[%clk
1:06:50]} 20. Rac1 {[%clk 1:16:58]} Na5 {[%clk 1:06:06]} 21. Nd2 {[%clk
1:16:30]} Rac8 {[%clk 0:58:20]} 22. Rc2 {[%clk 0:48:54]} Nb3 {[%clk 0:52:31]}
23. Nxb3 {[%clk 0:48:07]} axb3 {[%clk 0:52:49]} 24. Rcc1 {[%clk 0:47:39]} Rfd8
{[%clk 0:51:58]} 25. Kh2 {[%clk 0:46:35]} Ne8 {[%clk 0:45:14]} 26. gxf5 {[%clk
0:45:38]} Rxc3 {[%clk 0:45:27]} 27. Rxc3 {[%clk 0:45:45]} exf5 {[%clk 0:45:40]}
28. Rhc1 {[%clk 0:44:50]} g6 {[%clk 0:42:38]} 29. Qd1 {[%clk 0:43:01]} Ba4
{[%clk 0:36:49]} 30. Be2 {[%clk 0:43:23]} Ng7 {[%clk 0:35:36]} 31. Qd3 {[%clk
0:42:41]} Ne6 {[%clk 0:35:53]} 32. Bd1 {[%clk 0:42:41]} Kh8 {[%clk 0:34:45]}
33. Bxb3 {[%clk 0:42:25]} Bb5 {[%clk 0:35:02]} 34. Qd2 {[%clk 0:42:19]} Bc6
{[%clk 0:33:55]} 35. Bd1 {[%clk 0:40:10]} g5 {[%clk 0:33:49]} 36. fxg5 {[%clk
0:39:57]} f4 {[%clk 0:33:50]} 37. Bxf4 {[%clk 0:39:28]} Nxf4 {[%clk 0:34:00]}
38. Qxf4 {[%clk 0:39:49]} Rf8 {[%clk 0:34:27]} 39. Qd2 {[%clk 0:39:55]} Bxg5
{[%clk 0:34:45]} 40. Qxg5 {[%clk 0:40:00]} Qxd4 {[%clk 0:34:54]} 41. Rf3 {[%clk
0:39:23]} Rg8 {[%clk 0:30:07]} 42. Qf6+ {[%clk 0:39:45]} Rg7 {[%clk 0:30:36]}
43. Rf2 {[%clk 0:38:35]} Qe4 {[%clk 0:24:22]} 44. Bc2 {[%clk 0:39:00]} 1-0

[Event "DVM U20 2019"]
[Site "Braunschweig GER"]
[Date "2019.12.27"]
[Round "2"]
[White "Goldbeck, Lars"]
[Black "Küppers, Timo"]
[Result "1/2-1/2"]
[Termination "normal"]
[Board "3.1"]
[BlackTitle "FM"]
[WhiteElo "2312"]
[BlackElo "2296"]
[WhiteClock "00:01:35"]
[BlackClock "00:05:23"]
[WhiteTeam "SC Bavaria Regensburg"]
[BlackTeam "SF Katernberg"]
[PlyCount "77"]
[WhiteFideId "16208188"]
[BlackFideId "16205820"]
[EventCountry "GER"]
[EventRounds "7"]
[EventType "team-swiss"]
[EventDate "2019.12.26"]

1. d4 {[%clk 1:30:57]} Nf6 {[%clk 1:30:16]} 2. Nf3 {[%clk 1:31:22]} g6 {[%clk
1:30:22]} 3. Bg5 {[%clk 1:31:48]} Bg7 {[%clk 1:30:22]} 4. Nbd2 {[%clk 1:32:12]}
d5 {[%clk 1:28:37]} 5. e3 {[%clk 1:32:25]} O-O {[%clk 1:28:18]} 6. Be2 {[%clk
1:32:02]} Nbd7 {[%clk 1:25:41]} 7. O-O {[%clk 1:32:23]} c5 {[%clk 1:25:34]} 8.
c3 {[%clk 1:27:02]} h6 {[%clk 1:23:44]} 9. Bh4 {[%clk 1:27:00]} b6 {[%clk
1:09:28]} 10. Qb3 {[%clk 1:21:40]} Bb7 {[%clk 1:05:45]} 11. Rfd1 {[%clk
1:20:51]} Rc8 {[%clk 0:55:46]} 12. a4 {[%clk 1:14:16]} a6 13. Qa2 {[%clk
1:04:17]} e6 {[%clk 0:30:13]} 14. Bd3 {[%clk 0:48:58]} Qe7 {[%clk 0:25:17]} 15.
Ne5 {[%clk 0:46:21]} g5 {[%clk 0:25:06]} 16. Bg3 {[%clk 0:45:34]} Nh5 {[%clk
0:24:37]} 17. Nxd7 {[%clk 0:44:54]} Qxd7 {[%clk 0:24:56]} 18. Be2 {[%clk
0:37:59]} Nxg3 {[%clk 0:25:06]} 19. hxg3 {[%clk 0:38:29]} Qc7 {[%clk 0:22:27]}
20. a5 {[%clk 0:36:44]} b5 {[%clk 0:21:42]} 21. Nb3 {[%clk 0:37:15]} c4 22. Nc5
{[%clk 0:34:43]} Rb8 {[%clk 0:21:07]} 23. Qb1 {[%clk 0:30:05]} Bc8 {[%clk
0:18:43]} 24. e4 {[%clk 0:29:42]} Rd8 {[%clk 0:18:31]} 25. exd5 exd5 {[%clk
0:18:40]} 26. b4 {[%clk 0:28:46]} cxb3 {[%clk 0:18:40]} 27. Qxb3 {[%clk
0:29:08]} Bf8 {[%clk 0:16:41]} 28. Bf3 Qd6 {[%clk 0:15:59]} 29. Re1 {[%clk
0:22:55]} Qc6 {[%clk 0:11:57]} 30. Nd3 {[%clk 0:09:36]} Be6 {[%clk 0:08:35]}
31. Ne5 {[%clk 0:08:53]} Qc7 {[%clk 0:08:11]} 32. Bg4 {[%clk 0:08:06]} Bxg4
{[%clk 0:06:49]} 33. Nxg4 {[%clk 0:08:35]} Bg7 {[%clk 0:06:41]} 34. Ne3 {[%clk
0:08:33]} Qd7 {[%clk 0:06:41]} 35. g4 {[%clk 0:08:33]} Rbc8 {[%clk 0:06:33]}
36. g3 {[%clk 0:03:55]} Rc6 {[%clk 0:05:38]} 37. Nf5 {[%clk 0:03:21]} Bf8
{[%clk 0:05:56]} 38. Re5 {[%clk 0:01:35]} Qc7 {[%clk 0:05:23]} 39. Re3 1/2-1/2

[Event "DVM U20 2019"]
[Site "Braunschweig GER"]
[Date "2019.12.27"]
[Round "2"]
[White "Gallas, Noel"]
[Black "Gabler, Eric"]
[Result "1/2-1/2"]
[Termination "normal"]
[Board "3.4"]
[WhiteElo "1785"]
[BlackElo "2064"]
[WhiteClock "00:37:10"]
[BlackClock "00:13:10"]
[WhiteTeam "SF Katernberg"]
[BlackTeam "SC Bavaria Regensburg"]
[PlyCount "65"]
[WhiteFideId "16216059"]
[BlackFideId "12949841"]
[EventCountry "GER"]
[EventRounds "7"]
[EventType "team-swiss"]
[EventDate "2019.12.26"]

1. e4 {[%clk 1:30:44]} c5 {[%clk 1:30:51]} 2. c3 {[%clk 1:31:10]} d5 {[%clk
1:31:06]} 3. exd5 {[%clk 1:31:32]} Qxd5 {[%clk 1:31:29]} 4. d4 {[%clk 1:31:59]}
Nc6 {[%clk 1:31:16]} 5. Nf3 {[%clk 1:32:12]} Bg4 {[%clk 1:30:14]} 6. Be2 {[%clk
1:32:27]} Nf6 {[%clk 1:27:54]} 7. Be3 {[%clk 1:31:41]} cxd4 {[%clk 1:16:35]} 8.
cxd4 {[%clk 1:31:42]} e6 {[%clk 1:16:31]} 9. O-O {[%clk 1:31:42]} Be7 {[%clk
1:14:47]} 10. Nc3 {[%clk 1:30:34]} Qd8 {[%clk 1:04:13]} 11. Qb3 {[%clk
1:28:51]} Qb6 {[%clk 0:58:40]} 12. Qxb6 {[%clk 1:21:37]} axb6 {[%clk 0:59:04]}
13. Rfd1 {[%clk 1:21:14]} Nb4 {[%clk 0:54:48]} 14. h3 {[%clk 1:07:48]} Bf5
{[%clk 0:52:08]} 15. Bb5+ {[%clk 1:03:30]} Kf8 {[%clk 0:52:05]} 16. Rac1 {[%clk
0:59:59]} Nfd5 {[%clk 0:46:51]} 17. Nxd5 {[%clk 0:57:01]} Nxd5 {[%clk 0:47:07]}
18. Bc4 {[%clk 0:56:50]} Bd6 {[%clk 0:46:37]} 19. Bxd5 {[%clk 0:55:09]} exd5
{[%clk 0:44:36]} 20. a3 {[%clk 0:54:56]} f6 {[%clk 0:42:21]} 21. Rc3 {[%clk
0:54:10]} Ke7 {[%clk 0:38:57]} 22. Rdc1 {[%clk 0:52:55]} Rhc8 {[%clk 0:29:36]}
23. Nd2 {[%clk 0:47:51]} Rxc3 {[%clk 0:28:54]} 24. Rxc3 {[%clk 0:48:05]} Rc8
{[%clk 0:29:03]} 25. Rxc8 {[%clk 0:48:02]} Bxc8 {[%clk 0:29:27]} 26. Nb1 {[%clk
0:48:00]} Bd7 {[%clk 0:28:39]} 27. Nc3 {[%clk 0:48:13]} Bc6 {[%clk 0:27:21]}
28. Kf1 {[%clk 0:47:29]} Ke6 {[%clk 0:24:14]} 29. Ke2 {[%clk 0:47:07]} Be8
{[%clk 0:23:54]} 30. f4 {[%clk 0:44:00]} Bc7 {[%clk 0:18:57]} 31. g4 {[%clk
0:40:05]} g6 {[%clk 0:15:37]} 32. Kf3 {[%clk 0:38:01]} Bd7 {[%clk 0:13:10]} 33.
Ke2 {[%clk 0:37:10]} 1/2-1/2

[Event "DVM U20 2019"]
[Site "Braunschweig GER"]
[Date "2019.12.27"]
[Round "2"]
[White "Ließ, Alexander"]
[Black "Döpper, Anna Bérénice"]
[Result "1/2-1/2"]
[Termination "normal"]
[Board "3.5"]
[WhiteElo "1852"]
[BlackElo "1855"]
[WhiteClock "00:02:13"]
[BlackClock "00:18:30"]
[WhiteTeam "SC Bavaria Regensburg"]
[BlackTeam "SF Katernberg"]
[PlyCount "62"]
[WhiteFideId "16221338"]
[BlackFideId "1271853"]
[EventCountry "GER"]
[EventRounds "7"]
[EventType "team-swiss"]
[EventDate "2019.12.26"]

1. d4 e6 {[%clk 1:30:56]} 2. c4 {[%clk 1:31:37]} d5 {[%clk 1:31:49]} 3. Nf3 c5
4. cxd5 {[%clk 1:31:07]} exd5 {[%clk 1:32:13]} 5. Nc3 {[%clk 1:30:23]} Nc6
{[%clk 1:32:39]} 6. g3 {[%clk 1:30:34]} Nf6 {[%clk 1:33:04]} 7. Bg2 {[%clk
1:29:55]} Be7 {[%clk 1:33:27]} 8. O-O {[%clk 1:28:41]} O-O {[%clk 1:33:50]} 9.
b3 {[%clk 1:21:38]} b6 {[%clk 1:24:35]} 10. Bb2 {[%clk 1:18:09]} Bb7 {[%clk
1:24:07]} 11. Rc1 {[%clk 1:14:06]} Na5 {[%clk 1:20:11]} 12. dxc5 {[%clk
0:55:46]} bxc5 {[%clk 1:20:09]} 13. Na4 {[%clk 0:55:33]} c4 {[%clk 1:14:46]}
14. Ne5 {[%clk 0:39:38]} cxb3 {[%clk 1:02:28]} 15. axb3 {[%clk 0:40:00]} Rc8
{[%clk 0:55:00]} 16. Rxc8 {[%clk 0:30:54]} Bxc8 {[%clk 0:49:59]} 17. Bd4 {[%clk
0:28:35]} Qc7 {[%clk 0:43:33]} 18. Nd3 {[%clk 0:24:08]} Be6 {[%clk 0:38:40]}
19. Nf4 {[%clk 0:21:25]} Rb8 {[%clk 0:37:34]} 20. Bxf6 {[%clk 0:16:33]} Bxf6
{[%clk 0:37:44]} 21. Nxd5 {[%clk 0:15:54]} Qe5 {[%clk 0:37:04]} 22. Nc5 {[%clk
0:13:54]} Rb5 {[%clk 0:34:54]} 23. Nxf6+ {[%clk 0:12:51]} gxf6 {[%clk 0:32:52]}
24. b4 {[%clk 0:10:47]} Nc4 {[%clk 0:32:59]} 25. Qa4 {[%clk 0:08:34]} Rb6
{[%clk 0:31:15]} 26. Nd3 {[%clk 0:04:19]} Qxe2 {[%clk 0:29:39]} 27. Nf4 {[%clk
0:04:43]} Qe5 {[%clk 0:23:50]} 28. Qxa7 {[%clk 0:02:59]} Qb5 {[%clk 0:19:40]}
29. Qe7 {[%clk 0:02:03]} Qxb4 {[%clk 0:17:57]} 30. Qxf6 {[%clk 0:01:54]} Qb2
{[%clk 0:18:14]} 31. Qg5+ {[%clk 0:02:13]} Qg7 {[%clk 0:18:30]} 1/2-1/2

[Event "DVM U20 2019"]
[Site "Braunschweig GER"]
[Date "2019.12.27"]
[Round "2"]
[White "Brunner, Wilken"]
[Black "Reimer, Philip"]
[Result "1-0"]
[Termination "normal"]
[Board "4.3"]
[WhiteElo "1978"]
[BlackElo "2065"]
[WhiteClock "01:19:04"]
[BlackClock "00:24:26"]
[WhiteTeam "Karlsruher SF"]
[BlackTeam "SK Lehrte"]
[PlyCount "99"]
[WhiteFideId "12928771"]
[BlackFideId "16235860"]
[EventCountry "GER"]
[EventRounds "7"]
[EventType "team-swiss"]
[EventDate "2019.12.26"]

1. Nf3 {[%clk 1:30:54]} Nf6 {[%clk 1:30:34]} 2. d4 {[%clk 1:31:12]} e6 {[%clk
1:30:59]} 3. g3 {[%clk 1:31:38]} b5 {[%clk 1:31:22]} 4. Bg2 {[%clk 1:31:56]}
Bb7 {[%clk 1:31:51]} 5. O-O {[%clk 1:32:06]} c5 {[%clk 1:31:51]} 6. c3 {[%clk
1:32:30]} Nc6 {[%clk 1:31:37]} 7. Qb3 {[%clk 1:29:40]} Qb6 {[%clk 1:30:59]} 8.
Na3 {[%clk 1:27:36]} a6 {[%clk 1:30:40]} 9. Be3 {[%clk 1:24:01]} Be7 {[%clk
1:09:00]} 10. dxc5 {[%clk 1:23:23]} Bxc5 {[%clk 1:09:28]} 11. Nc4 {[%clk
1:23:19]} bxc4 {[%clk 1:07:13]} 12. Qxb6 {[%clk 1:23:14]} Bxb6 {[%clk 1:07:36]}
13. Bxb6 {[%clk 1:23:40]} d6 {[%clk 1:01:28]} 14. Nd2 {[%clk 1:22:09]} d5
{[%clk 0:56:12]} 15. Bc5 {[%clk 1:19:35]} Ne7 {[%clk 0:49:54]} 16. Nxc4 {[%clk
1:18:22]} Nf5 17. Ba3 {[%clk 1:13:20]} Rc8 {[%clk 0:42:16]} 18. Na5 {[%clk
1:10:42]} Ba8 {[%clk 0:42:11]} 19. Rfd1 {[%clk 1:10:06]} h5 {[%clk 0:38:54]}
20. h3 {[%clk 1:09:12]} g5 21. e3 Ne4 {[%clk 0:31:46]} 22. Bf1 {[%clk 1:06:00]}
Nfd6 {[%clk 0:27:37]} 23. Bxa6 {[%clk 1:05:32]} Rc7 {[%clk 0:27:06]} 24. Nb3
{[%clk 1:05:09]} Nc4 {[%clk 0:22:34]} 25. Bb5+ {[%clk 1:05:14]} Kd8 {[%clk
0:23:04]} 26. Bxc4 {[%clk 1:05:10]} Rxc4 {[%clk 0:23:03]} 27. Rd4 {[%clk
1:05:09]} Rc7 {[%clk 0:21:53]} 28. Rad1 {[%clk 1:04:00]} Kc8 {[%clk 0:20:36]}
29. Rc1 {[%clk 0:59:23]} f5 {[%clk 0:18:07]} 30. Ra4 {[%clk 0:53:02]} Kd7
{[%clk 0:11:51]} 31. f3 {[%clk 0:47:40]} Nxg3 {[%clk 0:04:45]} 32. Kf2 {[%clk
0:48:04]} Bc6 {[%clk 0:03:50]} 33. Ra5 {[%clk 0:48:07]} f4 {[%clk 0:02:39]} 34.
Nc5+ {[%clk 0:48:25]} Kc8 {[%clk 0:01:00]} 35. Nxe6 {[%clk 0:48:45]} Nf5 {[%clk
0:00:54]} 36. exf4 {[%clk 0:48:35]} Rd7 {[%clk 0:00:36]} 37. fxg5 {[%clk
0:47:50]} Re8 {[%clk 0:00:47]} 38. Nd4 {[%clk 0:47:58]} Nxd4 {[%clk 0:00:49]}
39. cxd4 {[%clk 0:48:23]} Kb7 {[%clk 0:00:38]} 40. Bc5 {[%clk 0:48:26]} Kc8
{[%clk 0:00:34]} 41. b4 {[%clk 0:48:30]} h4 {[%clk 0:28:34]} 42. b5 {[%clk
1:19:21]} Bb7 {[%clk 0:28:56]} 43. Bd6+ {[%clk 1:19:29]} Kd8 {[%clk 0:29:14]}
44. Be5 {[%clk 1:19:53]} Re6 {[%clk 0:28:12]} 45. Rg1 {[%clk 1:19:16]} Ke8
{[%clk 0:27:48]} 46. f4 {[%clk 1:19:28]} Kf8 {[%clk 0:26:53]} 47. g6 {[%clk
1:19:32]} Rb6 {[%clk 0:24:51]} 48. f5 {[%clk 1:19:34]} Rd8 {[%clk 0:24:06]} 49.
g7+ {[%clk 1:18:40]} Kg8 {[%clk 0:24:26]} 50. Bc7 {[%clk 1:19:04]} 1-0

[Event "DVM U20 2019"]
[Site "Braunschweig GER"]
[Date "2019.12.27"]
[Round "2"]
[White "Dornieden, Jonas"]
[Black "Wiesner, Alexander"]
[Result "1/2-1/2"]
[Termination "normal"]
[Board "4.4"]
[WhiteElo "1912"]
[BlackElo "1960"]
[WhiteClock "00:26:22"]
[BlackClock "00:09:34"]
[WhiteTeam "SK Lehrte"]
[BlackTeam "Karlsruher SF"]
[PlyCount "114"]
[WhiteFideId "1336460"]
[BlackFideId "12943991"]
[EventCountry "GER"]
[EventRounds "7"]
[EventType "team-swiss"]
[EventDate "2019.12.26"]

1. d4 {[%clk 1:30:57]} Nf6 {[%clk 1:30:48]} 2. c4 {[%clk 1:31:22]} c5 {[%clk
1:31:15]} 3. d5 {[%clk 1:31:44]} b5 {[%clk 1:31:40]} 4. cxb5 {[%clk 1:32:02]}
a6 {[%clk 1:32:03]} 5. bxa6 {[%clk 1:32:20]} g6 {[%clk 1:32:27]} 6. Nc3 {[%clk
1:32:36]} Bg7 {[%clk 1:32:39]} 7. e4 {[%clk 1:30:54]} O-O {[%clk 1:31:18]} 8.
Nf3 {[%clk 1:23:16]} Qa5 {[%clk 1:27:04]} 9. Nd2 {[%clk 1:12:42]} Bxa6 {[%clk
1:21:57]} 10. Nb3 {[%clk 1:12:42]} Qb6 {[%clk 1:21:57]} 11. Bxa6 {[%clk
1:12:42]} Nxa6 12. O-O d6 {[%clk 0:51:30]} 13. Re1 {[%clk 0:55:13]} Nd7 14. Be3
{[%clk 0:42:52]} Ne5 {[%clk 0:44:31]} 15. Qe2 {[%clk 0:40:14]} Qb4 {[%clk
0:38:11]} 16. Nc1 {[%clk 0:33:42]} Rfb8 {[%clk 0:22:14]} 17. f4 {[%clk
0:26:59]} Nc4 {[%clk 0:20:45]} 18. Nd3 {[%clk 0:25:45]} Qa5 {[%clk 0:20:53]}
19. Bd2 {[%clk 0:13:32]} Nxb2 {[%clk 0:11:13]} 20. Nd1 {[%clk 0:09:22]} Qa3
{[%clk 0:11:33]} 21. N1xb2 {[%clk 0:07:26]} Bxb2 {[%clk 0:11:55]} 22. Nxb2
{[%clk 0:07:16]} Rxb2 {[%clk 0:09:28]} 23. Bc1 {[%clk 0:02:10]} Rxe2 {[%clk
0:09:49]} 24. Bxa3 {[%clk 0:02:37]} Rxe1+ {[%clk 0:10:09]} 25. Rxe1 {[%clk
0:03:02]} Nc7 {[%clk 0:10:29]} 26. Re3 {[%clk 0:02:42]} Nb5 {[%clk 0:10:46]}
27. Bb2 {[%clk 0:03:05]} Rxa2 {[%clk 0:10:14]} 28. Rb3 {[%clk 0:02:36]} Nd4
{[%clk 0:03:59]} 29. Bxd4 {[%clk 0:02:21]} cxd4 {[%clk 0:04:25]} 30. Rd3 {[%clk
0:02:25]} Ra4 {[%clk 0:04:49]} 31. Kf2 {[%clk 0:01:34]} e5 {[%clk 0:02:15]} 32.
dxe6 {[%clk 0:01:31]} fxe6 {[%clk 0:02:37]} 33. e5 {[%clk 0:01:44]} dxe5 {[%clk
0:02:15]} 34. fxe5 {[%clk 0:02:09]} Ra5 {[%clk 0:02:31]} 35. Rxd4 {[%clk
0:02:22]} Rxe5 {[%clk 0:02:53]} 36. Rd8+ {[%clk 0:02:11]} Kg7 {[%clk 0:02:59]}
37. Rd7+ {[%clk 0:02:32]} Kh6 {[%clk 0:02:04]} 38. h4 {[%clk 0:02:14]} g5
{[%clk 0:02:21]} 39. hxg5+ {[%clk 0:02:19]} Rxg5 {[%clk 0:02:43]} 40. Re7
{[%clk 0:02:30]} Re5 {[%clk 0:01:15]} 41. g4 {[%clk 0:02:05]} Kg6 {[%clk
0:26:30]} 42. Kf3 {[%clk 0:31:17]} h6 {[%clk 0:25:53]} 43. Kf2 {[%clk 0:29:00]}
Re4 {[%clk 0:24:35]} 44. Kf3 {[%clk 0:29:11]} Re1 {[%clk 0:22:11]} 45. Kf2
{[%clk 0:29:19]} Re5 {[%clk 0:15:22]} 46. Kf3 {[%clk 0:29:42]} Re1 {[%clk
0:13:52]} 47. Kf2 {[%clk 0:30:04]} Re4 {[%clk 0:14:17]} 48. Kf3 {[%clk
0:30:09]} Re5 {[%clk 0:14:41]} 49. Kf2 {[%clk 0:29:21]} Kg5 {[%clk 0:11:27]}
50. Rg7+ {[%clk 0:25:27]} Kf4 {[%clk 0:11:26]} 51. Rg6 {[%clk 0:25:31]} Re4
{[%clk 0:11:28]} 52. Rxh6 {[%clk 0:25:04]} Kxg4 {[%clk 0:11:51]} 53. Rh8 {[%clk
0:25:02]} Kf4 {[%clk 0:11:12]} 54. Rh4+ {[%clk 0:25:15]} Ke5 {[%clk 0:11:33]}
55. Rh5+ {[%clk 0:25:41]} Kd4 {[%clk 0:11:45]} 56. Ra5 {[%clk 0:25:58]} Kc3
{[%clk 0:11:02]} 57. Ra3+ {[%clk 0:26:22]} Kd2 {[%clk 0:09:34]} 1/2-1/2